00431nam a2200133Ia 450000500170000000800410001708200130005810000190007124500620009026000510015230000180020365000390022165000370026020250310014449.0240331s9999 xx 000 0 und d bZAFa342 aZafrullah, H.M 0aSri Lanka's Hybrid presidential and parliamentary system  aKuala lumpurbUniversity of Malaya Pressc1981 aXxii, 140 p., aParliaments - underdeveloped Areas aSeparation of powers - Sri Lanka